| 000 | 00457nam a22001577a 4500 | ||
|---|---|---|---|
| 005 | 20251120160815.0 | ||
| 008 | 251120b |||||||| |||| 00| 0 eng d | ||
| 020 | _a979-8-88715-00-62 | ||
| 100 | _aJAMES, ROBERT S. | ||
| 245 | _aCROP DISEASE MANAGEMENT: PRINCIPLES AND PRACTICES | ||
| 260 |
_aDUBLIN, OH _bORYSON PRESS _c2023 |
||
| 300 | _aXII, 278P. | ||
| 500 | _aINCLUDES INDEX | ||
| 650 | _aI. PLANT DISEASES. II. PLANT PATHOLOGY | ||
| 942 |
_2lcc _cBK |
||
| 999 |
_c216239 _d216239 |
||